000 00570cam a22002053a 4500
001 39193
003 PGUSA
005 20140828083854.0
008 120318s2012||||xxu|||||s|||||000 | eng d
040 _aPGUSA
_beng
042 _adc
100 1 _aWood, Henry
_cMrs
245 1 0 _aIt May Be True, Vol. III (of III)
_h[electronic resource] /
_cHenry Wood
260 _bProject Gutenberg,
_c2012
506 _aPublic domain in the USA.
516 _aElectronic text
830 0 _aProject Gutenberg
_v39193
856 4 0 _uhttp://www.gutenberg.org/ebooks/39193
942 _cEB
999 _c268446
_d268446